000
00220 a2200097 4500
001
30181
100
_a
Brewster, D
245
_a
The agony and the ecstasy
260
_a
London
_b
Callins fontana
_c
090
_c
20124
_d
20124
942
_a
NUST-CAE
_c
M
_c
11253
999
_c
265254
_d
265254